Ancient Indian history / (Record no. 57510)

MARC details
000 -LEADER
fixed length control field 00807nam a22002297a 4500
005 - DATE AND TIME OF LATEST TRANSACTION
control field 20230216145348.0
008 - FIXED-LENGTH DATA ELEMENTS--GENERAL INFORMATION
fixed length control field 111011t xxu||||| |||| 00| 0 eng d
010 ## - LCCN (DPL NO)
LC control number ENG-103938 ENG-136205
020 ## - INTERNATIONAL STANDARD BOOK NUMBER
International Standard Book Number 9789380318165
Terms of availability 950.00
035 ## - SYSTEM CONTROL NUMBER
System control number EN-87471 EN-119737
037 ## - SOURCE OF ACQUISITION
Source of stock number/acquisition DBAD/PUB
040 ## - CATALOGING SOURCE
Original cataloging agency DPL
Language of cataloging Eng
082 ## - DEWEY DECIMAL CLASSIFICATION NUMBER
Classification number 934
100 ## - MAIN ENTRY--PERSONAL NAME
Personal name Dudi, Amar Singh
9 (RLIN) 35436
245 00 - TITLE STATEMENT
Title Ancient Indian history /
Statement of responsibility, etc by Amar Singh Dudi
260 ## - PUBLICATION, DISTRIBUTION, ETC. (IMPRINT)
Place of publication, distribution, etc New Delhi
Name of publisher, distributor, etc Neha Publishers
Date of publication, distribution, etc 2012
270 ## - ADDRESS
Address 4832/24 A, Prahlad Lane, S-207, Ansari Road, Darya Ganj
City New Delhi
Postal code 110002
300 ## - PHYSICAL DESCRIPTION
Extent 304p.
Dimensions 23cm (Hb)
500 ## - GENERAL NOTE
General note Includes bibliographical references and index
942 ## - ADDED ENTRY ELEMENTS (KOHA)
Source of classification or shelving scheme Dewey Decimal Classification
Item type English Books
Classification part 934
Call number suffix DUD
Holdings
Withdrawn status Lost status Source of classification or shelving scheme Damaged status Not for loan Collection code Home library Current library Date acquired Source of acquisition Cost, normal purchase price Total Checkouts Full call number Barcode Date last seen Copy number Cost, replacement price Koha item type
    Dewey Decimal Classification   Not For Loan Non-fiction D.B.Act.Division D.B.Act.Division 11/10/2011 DBAD/PUB 950.00   934 DUD EN-87471 11/10/2011 1 950.00 English Books
    Dewey Decimal Classification     Non-fiction Kadipur Kadipur 16/02/2023 DBAD/PUB 950.00   934 DUD EN-119737 16/02/2023 1 950.00 English Books

© Delhi Public Library
Hit Counter
free hit counter